15 Most Famous Cities in Lebanon on a Map - Statistics

General Stats
  • This quiz has been taken 266 times
  • The average score is 9 of 15
Answers on the Map
Answers color-coded by a green-red scale on the quiz's map according to % correct below.
 
Answer Stats
Wiki Monthly Views Cityquiz Mention Rate Population Answers % Correct
205.87K 46.19% 1650.00K Beirut
100%
28.12K 16.86% 450.00K Tripoli
93%
73.35K 7.23% 125.00K Tyre
88%
31.07K 4.55% 250.00K Sidon
85%
35.65K 2.27% 50.00K Byblos
74%
49.48K 1.49% 85.00K Baalbek
72%
4.99K 0.58% 102.22K Jounieh
69%
8.76K 0.44% 140.00K Zahlé
68%
3.64K 0.17% 38.00K Batroun
63%
3.56K - 25.00K Nabatieh
59%
3.18K 0.04% 20.00K Bsharri
29%
3.22K - 5.00K Marjayoun
23%
3.53K 0.02% 2.40K Anjar
19%
3.32K - 10.00K Qana
13%
6.28K - 2.75K Ghajar
5%
No matching quizzes found
Score Distribution
Percent of People with Each Score
Percentile by Number Answered
Your Score History
You have not taken this quiz